000 00354nam a2200157Ia 4500
008 210716s2016 xx 000 0 und d
020 _a9789380472683
041 _aeng
082 _a004.694 KUMR
100 _aKumar, R;Deshpande, M.
245 _aE banking.
250 _a1
260 _aNew Delhi
_c2016
300 _av,265
650 _aE-Commerce
999 _c195577
_d195577